00589nam a22001577a 450000500170000001000150001702000260003203500140005803700140007208200160008624501420010226000470024427000890029130000280038050000230040820210908101829.0 aENG-127299 c119500a9789353282165 aEN-110831 bDBAD/PUB. a320.6072054 aStrengthening Policy Research:brole of think tank initiative in South Asia /cedited by Sukhadeo Thorat, Ajaya Dixit [and] samar verma. aNew DelhibSage Publications India .c2019 aB1/I-1, Mohan Cooperative Industrial Area Mathura Road Post Bag 7bNew Delhie110044 axxxiii,393p.c22cm.(hb) aIt includes index